00386nam a2200145Ia 4500008004100000020001800041041000800059082001200067260003500079245003500114245004500149250000600194300000800200650003200208220805s9999 xx 000 0 und d a1-58923-138-4 aeng a747.797 aMinnesotabCreative pub.c2004 aThe complete guide to Kitchens bdesign, plan, and install a dram Kitchen a1 a286 aInterior Decoration Kitchen